Podnikové účetnictví (v jednotné organisaci podnikového početnictví)

Enregistré dans:
Détails bibliographiques
Format: Livre
Langue:tchèque
Publié: Praha ÚSČP 1950
Tags: Ajouter un tag
Pas de tags, Soyez le premier à ajouter un tag!

MARC

LEADER 00000nam a2200000 4500
001 0307969
005 20250403094241.1
041 0 |a cze 
044 |a CZ 
245 1 0 |a Podnikové účetnictví (v jednotné organisaci podnikového početnictví)  |c Josef Fiala 
264 1 |a Praha  |b ÚSČP  |c 1950